01690naa#a2200277#i#4500001001600000005001700016011001400033100004100047102000700088200031000095210028400405215001100689608004500700675009200745700004800837700004800885700005200933700005800985700006201043700005601105700005201161700005201213700006201265700006401327856002101391RU\\bibl\12105320260602094839.2##a1998-6785##a20220921b2022####ek#y0rusy0150####ca##aRU1#aМихаил Бахтин и формирование современной парадигмы гуманитарного знания в странах Восточной и Юго-Восточной Азии. Аналитический обзор публикацийeЖурнальная статья1#aВладивостокcФедеральное государственное бюджетное образовательное учреждение высшего образования "Владивостокский государственный университет"d2022##a14 с.##aЖурнальная статья2local##aЛичность и призвание (назначение) философов. 101.9#1aЯчинgСергей Евгеньевич#1aДеменчукgПавел Юрьевич#1aЧернявинаgЮлия Андреевна#1aДженжераgДенис Владимирович#1aГуршаловgНикита Александрович#1aНаделяевgАнатолий Олегович#1aЧосовgДмитрий Викторович#1aСвидинgРуслан Дмитриевич#1aМаньковскийgКирилл Леонидович#1aИванченкоgМарина Александровна4#avvgu.editorum.ru